Historia de Chile
Saved in:
| Main Authors: | , , |
|---|---|
| Format: | Bog |
| Sprog: | spansk |
| Udgivet: |
Santiago
Santillana
2007
|
| Udgivelse: | 1a. ed |
| Serier: | Manual Esencial
|
| Fag: | |
| Tags: |
Tilføj Tag
Ingen Tags, Vær først til at tagge denne postø!
|
MARC
| LEADER | 00000cam a2200000 a 4500 | ||
|---|---|---|---|
| 001 | UCD9008 | ||
| 003 | CL-VaPUC | ||
| 008 | 170602e20070000cl |||||||||||||||||spa|d | ||
| 020 | |a 9789561515338 | ||
| 082 | 0 | 4 | |a 983 |b LIR |2 21 |
| 100 | |a Lira Castro, Robinson Hernán |e autor |9 602420 | ||
| 700 | |a Harambour Ross, Alberto |e author |9 603634 | ||
| 700 | 0 | |a Reyes del Villar, Soledad |e author |9 592659 | |
| 245 | 1 | 0 | |a Historia de Chile |
| 250 | |a 1a. ed | ||
| 300 | |a 363 p | ||
| 942 | |c BK | ||
| 945 | |d 20170602 23:29:00 |a dcastane | ||
| 260 | |a Santiago |b Santillana |c 2007 | ||
| 650 | 0 | |a Historia de Chile |9 265473 | |
| 583 | |a last modification |c 20170602 23:29:00 |k Rodrigo Vera | ||
| 490 | 0 | |a Manual Esencial | |
| 999 | |c 368313 |d 368311 | ||